[Event "AUS-ch Major"]
[Site "Parramatta"]
[Date "2008.01.11"]
[Round "11"]
[White "Viner, Phillip John"]
[Black "Fell, Lloyd Stanley"]
[Result "0-1"]
[WhiteElo "2003"]
[BlackElo "1722"]
[PlyCount "94"]
[EventDate "2008.01.02"]
[EventType "swiss"]
[EventRounds "11"]
[EventCountry "AUS"]
[SourceTitle "EXT 2010"]
[Source "ChessBase"]
[SourceDate "2010.11.25"]
[SourceVersion "1"]
[SourceVersionDate "2010.11.25"]
[SourceQuality "1"]

1. d4 Nf6 2. c4 e6 3. Nf3 Bb4+ 4. Nbd2 0-0 5. e3 b6 6. Bd3 Bb7 7. 0-0 d5 8. Qc2 Nbd7 9. e4 dxe4 10. Nxe4 Nxe4 11. Bxe4 Bxe4 12. Qxe4 Nf6 13. Qc6 Qd7 14. Qxd7 Nxd7 15. Rd1 Bd6 16. Be3 Rac8 17. Rac1 Nf6 18. a3 a5 19. a4 Rfd8 20. Bg5 h6 21. Bxf6 gxf6 22. Kf1 Re8 23. g3 Kf8 24. Rc2 Bb4 25. h4 Rcd8 26. Rcc1 Rd7 27. Ke2 Red8 28. Rb1 Ke7 29. Rbc1 c5 30. dxc5 Rxd1 31. Rxd1 Rxd1 32. Kxd1 Bxc5 33. Ke2 e5 34. g4 Ke6 35. Nd2 f5 36. f3 Be7 37. h5 fxg4 38. fxg4 f5 39. gxf5+ Kxf5 40. Kf3 Kg5 41. Ke4 Kxh5 42. Kf5 Kh4 43. Ne4 h5 44. b3 Kh3 45. Ke6 Bb4 46. Kxe5 h4 47. Kf4 Kg2 0-1

[Event "AUS-ch Major"]
[Site "Parramatta"]
[Date "2008.01.08"]
[Round "8"]
[White "Cohn, Jason"]
[Black "Viner, Phillip John"]
[Result "1-0"]
[WhiteElo "1729"]
[BlackElo "2003"]
[PlyCount "109"]
[EventDate "2008.01.02"]
[EventType "swiss"]
[EventRounds "11"]
[EventCountry "AUS"]
[SourceTitle "EXT 2010"]
[Source "ChessBase"]
[SourceDate "2010.11.25"]
[SourceVersion "1"]
[SourceVersionDate "2010.11.25"]
[SourceQuality "1"]

1. e4 c5 2. Nf3 d6 3. d4 Nf6 4. Nc3 cxd4 5. Qxd4 Nc6 6. Bb5 Bd7 7. Bxc6 Bxc6 8. Bg5 Qa5 9. 0-0 h6 10. Bxf6 gxf6 11. Nd5 Rg8 12. Nh4 Rc8 13. Nf5 Rg6 14. Rfe1 Qc5 15. c4 Qxd4 16. Nxd4 Bd7 17. Rac1 e6 18. Ne3 Be7 19. Rc3 Rg5 20. f4 Rgc5 21. b4 R5c7 22. Rec1 b5 23. Nb3 bxc4 24. Rxc4 Rxc4 25. Rxc4 Rxc4 26. Nxc4 d5 27. exd5 exd5 28. Ne3 Bxb4 29. Nxd5 Be7 30. Kf2 Bd8 31. Ke3 Bc6 32. Kd4 Bb6+ 33. Nxb6 axb6 34. g3 Kd7 35. Nd2 Kd6 36. Nc4+ Kc7 37. Ne3 Kd6 38. Nf5+ Ke6 39. Nxh6 f5 40. g4 fxg4 41. Nxg4 Bd5 42. f5+ Kd6 43. a3 Bf3 44. Nf6 Ke7 45. Nd5+ Kd6 46. Nxb6 Bg4 47. Nc4+ Ke7 48. Ne3 Be2 49. Nd5+ Kd6 50. Nf4 Bf3 51. f6 Kd7 52. h4 Ke8 53. a4 Kd7 54. h5 Bd1 55. h6 1-0

[Event "Australian Seniors"]
[Site "Tuggeranong"]
[Date "2007.01.05"]
[Round "6"]
[White "Viner, Phillip John"]
[Black "Galli, Karl"]
[Result "1-0"]
[WhiteElo "1967"]
[BlackElo "1163"]
[PlyCount "51"]
[EventDate "2007.01.01"]
[EventType "tourn"]
[EventRounds "7"]
[EventCountry "AUS"]
[SourceTitle "EXT 2008"]
[Source "ChessBase"]
[SourceDate "2007.11.25"]
[SourceVersion "1"]
[SourceVersionDate "2007.11.25"]
[SourceQuality "1"]

1. d4 d5 2. Nf3 g6 3. c4 dxc4 4. Qa4+ c6 5. Qxc4 Be6 6. Qc2 Bg7 7. Nc3 b5 8. e4 Nf6 9. d5 cxd5 10. Bxb5+ Nbd7 11. 0-0 0-0 12. Ng5 Bg4 13. exd5 h6 14. Nge4 Bf5 15. Bd3 Rc8 16. Nxf6+ Nxf6 17. Bxf5 gxf5 18. Qxf5 Nxd5 19. Qxd5 Qxd5 20. Nxd5 e6 21. Ne7+ Kh7 22. Nxc8 Rxc8 23. Rd1 Rb8 24. Rd7 Bxb2 25. Bxb2 Rxb2 26. Rxf7+ 1-0

[Event "Australian Seniors"]
[Site "Tuggeranong"]
[Date "2007.01.04"]
[Round "4"]
[White "Korda, Augustin"]
[Black "Viner, Phillip John"]
[Result "0-1"]
[WhiteElo "1881"]
[BlackElo "1967"]
[PlyCount "101"]
[EventDate "2007.01.01"]
[EventType "tourn"]
[EventRounds "7"]
[EventCountry "AUS"]
[SourceTitle "EXT 2008"]
[Source "ChessBase"]
[SourceDate "2007.11.25"]
[SourceVersion "1"]
[SourceVersionDate "2007.11.25"]
[SourceQuality "1"]

1. d4 Nf6 2. e3 d5 3. Nf3 Bf5 4. c3 c6 5. Nbd2 Nbd7 6. Be2 e6 7. Nh4 Be4 8. f3 Ng4 9. Nxe4 dxe4 10. g3 Ngf6 11. Qc2 exf3 12. Nxf3 Bd6 13. e4 e5 14. Be3 Qe7 15. Nd2 Bc7 16. 0-0-0 Bb6 17. Bf3 0-0-0 18. Rhe1 Qe6 19. Qa4 h5 20. Nc4 Ng4 21. Bg1 Kc7 22. h3 Qf6 23. Rf1 Qg5+ 24. Kb1 Ngf6 25. Bf2 Qg6 26. Qc2 Rhe8 27. Rfe1 Nh7 28. h4 Nhf6 29. a4 Kb8 30. Nd6 Re6 31. dxe5 Nxe5 32. Bxb6 axb6 33. Nf5 Rxd1+ 34. Qxd1 Nxf3 35. Qxf3 Re8 36. Qd3 Ka7 37. Nd6 Rg8 38. Kc2 Ng4 39. Nc4 Qe6 40. Qd4 c5 41. Qd5 Re8 42. Qxe6 Rxe6 43. Re2 Kb8 44. Kd3 Kc7 45. b4 Rf6 46. Nd2 Ne5+ 47. Ke3 Rd6 48. Kf4 f6 49. Nb3 Rc6 50. Rd2 cxb4 51. cxb4 0-1

[Event "Wch Seniors 16th"]
[Site "Arvier"]
[Date "2006.09.19"]
[Round "8"]
[White "Kristiansen, Erling"]
[Black "Viner, Phillip John"]
[Result "1-0"]
[WhiteElo "2236"]
[BlackElo "2140"]
[PlyCount "105"]
[EventDate "2006.09.11"]
[EventType "swiss"]
[EventRounds "11"]
[EventCountry "ITA"]
[SourceTitle "CBM 114 Extra"]
[Source "ChessBase"]
[SourceDate "2006.11.03"]
[SourceVersion "1"]
[SourceVersionDate "2006.11.03"]
[SourceQuality "1"]

1. e4 e6 2. d4 d5 3. Nd2 Be7 4. Ngf3 Nf6 5. e5 Ne4 6. Bd3 Nxd2 7. Bxd2 c5 8. dxc5 Nc6 9. b4 Qc7 10. Qe2 a5 11. c3 f6 12. Bb5 0-0 13. Bxc6 bxc6 14. Bf4 Ba6 15. Qe3 Qd7 16. h4 Rfb8 17. exf6 Bxf6 18. Bxb8 Rxb8 19. a3 e5 20. 0-0-0 Qf5 21. Rhe1 axb4 22. cxb4 Re8 23. Rd2 Re7 24. g3 Bb5 25. Ng1 g5 26. Nf3 g4 27. Ng1 Kg7 28. f3 h5 29. Rf2 Qg6 30. fxg4 hxg4 31. Ne2 d4 32. Rxf6 dxe3 33. Rxg6+ Kxg6 34. Nc3 Bc4 35. Rxe3 Kf5 36. Ne4 Bd5 37. Nd6+ Ke6 38. Kb2 Ra7 39. Re1 Ra8 40. Re3 Ra7 41. Kc2 Ra8 42. Kd2 Ra7 43. Rc3 Ra8 44. b5 cxb5 45. Nxb5 Rc8 46. c6 Bxc6 47. Ke3 Bb7 48. Rxc8 Bxc8 49. Nc3 Bb7 50. a4 Bc8 51. a5 Ba6 52. Ne4 Bc8 53. a6 1-0

[Event "North Sydney CC-ch"]
[Site "Sydney"]
[Date "2006.02.28"]
[Round "3"]
[White "Viner, Phillip John"]
[Black "Wettstein, Markus"]
[Result "1-0"]
[WhiteElo "1971"]
[BlackElo "2023"]
[PlyCount "89"]
[EventDate "2006.02.15"]
[EventType "tourn"]
[EventRounds "11"]
[EventCountry "AUS"]
[SourceTitle "EXT 2010"]
[Source "ChessBase"]
[SourceDate "2010.11.25"]
[SourceVersion "1"]
[SourceVersionDate "2010.11.25"]
[SourceQuality "1"]

1. d4 d5 2. c4 c6 3. e3 Nf6 4. Nc3 Bf5 5. cxd5 Nxd5 6. Nge2 e6 7. e4 Nxc3 8. Nxc3 Bg6 9. Be3 Nd7 10. Be2 Bb4 11. f3 0-0 12. 0-0 c5 13. d5 Bxc3 14. bxc3 e5 15. Bb5 f6 16. Qb3 Kh8 17. Rab1 b6 18. Bc6 Rc8 19. Qa4 Nb8 20. Rfd1 Qc7 21. Bb5 Be8 22. Qc4 Bxb5 23. Qxb5 Qd6 24. a4 Nd7 25. a5 h6 26. Qa6 Rc7 27. axb6 axb6 28. Ra1 f5 29. exf5 Rxf5 30. Qd3 Rf8 31. c4 Nf6 32. Qg6 Ne8 33. Qg3 Nf6 34. Ra6 Rcf7 35. Qg6 Ne8 36. Rxb6 Qxg6 37. Rxg6 Nf6 38. h4 Ra8 39. d6 Kh7 40. h5 Rd7 41. g4 Ra4 42. Bxh6 Ng8 43. Rxg7+ Rxg7 44. Bxg7 Ra8 45. Bxe5 1-0

[Event "AUS-ch Major"]
[Site "Brisbane"]
[Date "2006.01.09"]
[Round "11"]
[White "Jones, Lee"]
[Black "Viner, Phillip John"]
[Result "1/2-1/2"]
[WhiteElo "2189"]
[BlackElo "2144"]
[PlyCount "151"]
[EventDate "2005.12.28"]
[EventType "swiss"]
[EventRounds "11"]
[EventCountry "AUS"]
[SourceTitle "CBM 110 Extra"]
[Source "ChessBase"]
[SourceDate "2006.03.10"]
[SourceVersion "2"]
[SourceVersionDate "2006.03.10"]
[SourceQuality "1"]

1. d4 d5 2. c4 e6 3. Nc3 f5 4. g4 Nf6 5. gxf5 exf5 6. cxd5 Nxd5 7. e4 Nb6 8. Bf4 Be7 9. Qh5+ g6 10. Qh6 Nc6 11. 0-0-0 fxe4 12. h4 Bf5 13. f3 Bf8 14. Qg5 Qxg5 15. Bxg5 Bg7 16. Bb5 h6 17. Bf4 0-0-0 18. Bxc6 bxc6 19. fxe4 Bg4 20. Nge2 Rhf8 21. Rhg1 h5 22. Bg5 Rd7 23. Rdf1 Rdf7 24. Rxf7 Rxf7 25. b3 Rf2 26. Be3 Rh2 27. Bf4 Rh3 28. Kc2 Rxh4 29. Bg3 Rh3 30. Nf4 Bxd4 31. Nxh3 Bxh3 32. Rd1 Bf6 33. Rd2 Nd7 34. Rf2 h4 35. Bh2 Be6 36. Ne2 g5 37. Rg2 c5 38. e5 Be7 39. Kd3 g4 40. Ke4 g3 41. Bxg3 hxg3 42. Nxg3 c4 43. bxc4 Bxc4 44. Nf5 Ba3 45. Nd4 Nf8 46. Rc2 Bg8 47. Rc3 Bb4 48. Rc1 a5 49. Nb5 Ne6 50. Kf5 Kd7 51. Rh1 Ke7 52. Rh8 Bf7 53. Rh7 Bc5 54. a4 Bb6 55. Nc3 Nd4+ 56. Ke4 c6 57. Kf4 Ne6+ 58. Kf5 Nf8 59. Rg7 Ne6 60. Rh7 Nc5 61. Ne2 Kf8 62. Nf4 Kg8 63. Rh6 Be8 64. Nh5 Bxh5 65. Rxh5 Nxa4 66. Rh6 c5 67. Rc6 Kf8 68. Ke6 Ke8 69. Rc8+ Bd8 70. Kd6 Nb2 71. Rb8 Na4 72. Ra8 Nb6 73. Rb8 Nc4+ 74. Kxc5 Nxe5 75. Kb5 Kd7 76. Rxd8+ 1/2-1/2

[Event "AUS-ch Major"]
[Site "Brisbane"]
[Date "2006.01.03"]
[Round "6"]
[White "Lazarus, Benjamin"]
[Black "Viner, Phillip John"]
[Result "1-0"]
[WhiteElo "2155"]
[BlackElo "2147"]
[PlyCount "127"]
[EventDate "2005.12.28"]
[EventType "swiss"]
[EventRounds "11"]
[EventCountry "AUS"]
[SourceTitle "CBM 110 Extra"]
[Source "ChessBase"]
[SourceDate "2006.03.10"]
[SourceVersion "2"]
[SourceVersionDate "2006.03.10"]
[SourceQuality "1"]

1. e4 c5 2. Nf3 e6 3. d4 cxd4 4. Nxd4 Nf6 5. Nc3 Nc6 6. Ndb5 Bb4 7. Nd6+ Ke7 8. Nxc8+ Rxc8 9. Bd3 d5 10. exd5 Nxd5 11. Bg5+ f6 12. Bd2 Bxc3 13. Bxc3 Nxc3 14. bxc3 Ne5 15. Rb1 b6 16. Rb3 Qd5 17. 0-0 Rhd8 18. Qc1 Nxd3 19. cxd3 Kf7 20. Rd1 e5 21. Rb2 Rc7 22. Rc2 Rcd7 23. Qb1 Qd6 24. Rcd2 f5 25. Qb3+ Kf6 26. f3 Qc6 27. Qb4 Rc8 28. Qh4+ Kg6 29. g4 Kf7 30. Qxh7 Qg6 31. Qxg6+ Kxg6 32. Rc2 fxg4 33. fxg4 Kg5 34. h3 Kf4 35. Kg2 Rdc7 36. Rf2+ Ke3 37. Rf3+ Ke2 38. Rff1 Ke3 39. Rfe1+ Kf4 40. Re4+ Kg5 41. Rxe5+ Kf6 42. Rf5+ Kg6 43. c4 Re7 44. Rf2 Re3 45. Rdd2 Rc7 46. Rfe2 Rxe2+ 47. Rxe2 Rd7 48. Re3 Kf6 49. h4 Rc7 50. Kf3 Rc5 51. Kf4 Ra5 52. Re2 Ra4 53. g5+ Kf7 54. h5 b5 55. Rc2 bxc4 56. dxc4 Ke6 57. Kg4 Kf7 58. Kf5 Ra3 59. c5 Ra5 60. h6 gxh6 61. gxh6 Rb5 62. h7 Kg7 63. Ke6 Kxh7 64. c6 1-0

[Event "AUS-ch Major"]
[Site "Brisbane"]
[Date "2005.12.31"]
[Round "4"]
[White "Oliver, Shannon"]
[Black "Viner, Phillip John"]
[Result "1/2-1/2"]
[WhiteElo "1945"]
[BlackElo "2147"]
[PlyCount "63"]
[EventDate "2005.12.28"]
[EventType "swiss"]
[EventRounds "11"]
[EventCountry "AUS"]
[SourceTitle "CBM 110 Extra"]
[Source "ChessBase"]
[SourceDate "2006.03.10"]
[SourceVersion "2"]
[SourceVersionDate "2006.03.10"]
[SourceQuality "1"]

1. e4 e6 2. d4 d5 3. Nc3 Nf6 4. e5 Nfd7 5. Nf3 c5 6. dxc5 Nc6 7. Bf4 Bxc5 8. Bd3 a6 9. 0-0 b5 10. a3 h6 11. Qe2 Nb6 12. Nd2 Bd7 13. Rfb1 g5 14. Bg3 h5 15. h3 Nd4 16. Qd1 Rc8 17. Ne2 h4 18. Bh2 Nf5 19. Nb3 Qe7 20. Nxc5 Qxc5 21. c3 Rg8 22. g4 hxg3 23. Nxg3 Nxg3 24. Bxg3 Bc6 25. Bf1 Bb7 26. Rc1 Qc6 27. Bg2 Nd7 28. b3 Nc5 29. c4 bxc4 30. bxc4 Qd7 31. cxd5 Bxd5 32. Rc3 1/2-1/2

[Event "Wch Seniors 15th"]
[Site "Lignano Sabbiadoro"]
[Date "2005.10.02"]
[Round "5"]
[White "Viner, Phillip John"]
[Black "Kaminik, Aleksandar"]
[Result "1-0"]
[WhiteElo "2144"]
[BlackElo "2278"]
[PlyCount "63"]
[EventDate "2005.09.28"]
[EventType "swiss"]
[EventRounds "11"]
[EventCountry "ITA"]
[SourceTitle "CBM 108 Extra"]
[Source "ChessBase"]
[SourceDate "2005.11.04"]
[SourceVersion "1"]
[SourceVersionDate "2005.11.04"]
[SourceQuality "1"]

1. d4 Nf6 2. Nf3 g6 3. c4 Bg7 4. Nc3 0-0 5. Bg5 h6 6. Bh4 d6 7. e3 Nbd7 8. Be2 g5 9. Bg3 Nh5 10. Qc2 Nxg3 11. hxg3 e5 12. 0-0-0 Re8 13. Bd3 c6 14. Bh7+ Kf8 15. Ne4 Qe7 16. dxe5 dxe5 17. Nd6 Rd8 18. Nf5 Qc5 19. Nxh6 Re8 20. Nxg5 Nb6 21. Bd3 e4 22. Nxe4 Rxe4 23. Bxe4 Nxc4 24. Rd8+ Ke7 25. Rd4 Bxd4 26. exd4 Qxd4 27. Rd1 Qc5 28. Ng8+ Kf8 29. Rd8+ Kg7 30. Qc3+ Qe5 31. Qxe5+ Nxe5 32. Ne7 1-0

[Event "Doeberl Cup 43rd"]
[Site "Canberra"]
[Date "2005.03.25"]
[Round "2"]
[White "Wright, Ian"]
[Black "Viner, Phillip John"]
[Result "1-0"]
[WhiteElo "1993"]
[BlackElo "2050"]
[PlyCount "127"]
[EventDate "2005.03.25"]
[EventType "swiss"]
[EventRounds "7"]
[EventCountry "AUS"]
[SourceTitle "CBM 105 Extra"]
[Source "ChessBase"]
[SourceDate "2005.05.01"]
[SourceVersion "1"]
[SourceVersionDate "2005.05.01"]
[SourceQuality "1"]

1. e4 e6 2. d4 d5 3. Nd2 dxe4 4. Nxe4 Bd7 5. Nf3 Bc6 6. Bd3 Nd7 7. Qe2 Ngf6 8. Nxf6+ gxf6 9. Bd2 Rg8 10. 0-0-0 Qe7 11. Rhe1 0-0-0 12. c4 Qd6 13. Be3 Kb8 14. c5 Qd5 15. Bc4 Qh5 16. Qc2 Rxg2 17. Nd2 f5 18. Qb3 Nf6 19. Bb5 Bxb5 20. Qxb5 Rd5 21. Nc4 a6 22. Qa4 Qf3 23. c6 Rb5 24. Ne5 Qd5 25. Rd3 Rb4 26. Qc2 Qxa2 27. Ra3 Qd5 28. cxb7 Kxb7 29. Rc3 Bd6 30. Nc6 Rb6 31. Nd8+ Kc8 32. Nxf7 Ne4 33. Rc4 Rg7 34. Ne5 Kb7 35. Kb1 Bxe5 36. dxe5 Rc6 37. Rb4+ Kc8 38. Qa4 Rd7 39. Rd4 Qb5 40. Qxb5 axb5 41. Rxd7 Kxd7 42. Rd1+ Ke8 43. f3 f4 44. Bxf4 Nc5 45. Rc1 Kd7 46. Be3 Nb3 47. Rg1 Ra6 48. Rg7+ Kc6 49. Rxh7 Na5 50. Re7 Kb7 51. h4 Nc4 52. Bf4 b4 53. Kc2 Rb6 54. h5 b3+ 55. Kc3 Na5 56. h6 Rc6+ 57. Kd3 Ra6 58. Re8 Nc6 59. h7 Ra4 60. h8Q Rxf4 61. Ra8 Kb6 62. Ke3 Rb4 63. Qc8 Kc5 64. Qxc7 1-0

[Event "Doeberl Cup 42nd"]
[Site "Canberra"]
[Date "2004.04.10"]
[Round "3"]
[White "Zivanovic, Andjelija"]
[Black "Viner, Phillip John"]
[Result "0-1"]
[WhiteElo "2009"]
[BlackElo "2167"]
[PlyCount "48"]
[EventDate "2004.04.09"]
[EventType "swiss"]
[EventRounds "7"]
[EventCountry "AUS"]
[SourceTitle "EXT 2005"]
[Source "ChessBase"]
[SourceDate "2004.11.15"]
[SourceVersion "1"]
[SourceVersionDate "2004.11.15"]
[SourceQuality "1"]

1. d4 Nf6 2. Nf3 d5 3. e3 c6 4. Bd3 Bg4 5. Nbd2 Nbd7 6. 0-0 e5 7. dxe5 Nxe5 8. Be2 Ng6 9. b3 Bd6 10. Bb2 Qe7 11. h3 h5 12. Nd4 Qe5 13. g3 Bxh3 14. N2f3 Qe7 15. Re1 h4 16. Ng5 hxg3 17. Nxh3 Rxh3 18. Nf5 gxf2+ 19. Kxf2 Ne4+ 20. Kg2 Qg5+ 21. Bg4 Nh4+ 22. Nxh4 Rh2+ 23. Kg1 Qxh4 24. Qf3 Rh1+ 0-1

[Event "Doeberl Cup 42nd"]
[Site "Canberra"]
[Date "2004.04.09"]
[Round "1"]
[White "Lugo, Ruperto"]
[Black "Viner, Phillip John"]
[Result "0-1"]
[WhiteElo "1781"]
[BlackElo "2167"]
[PlyCount "152"]
[EventDate "2004.04.09"]
[EventType "swiss"]
[EventRounds "7"]
[EventCountry "AUS"]
[SourceTitle "EXT 2005"]
[Source "ChessBase"]
[SourceDate "2004.11.15"]
[SourceVersion "1"]
[SourceVersionDate "2004.11.15"]
[SourceQuality "1"]

1. d4 Nf6 2. Bg5 e6 3. e4 h6 4. Bxf6 Qxf6 5. Nf3 c5 6. c3 b6 7. dxc5 bxc5 8. Bd3 Nc6 9. 0-0 Rb8 10. Qc2 Bd6 11. Na3 h5 12. Nb5 Bf4 13. g3 Bh6 14. Nd6+ Ke7 15. Nxc8+ Rhxc8 16. Qe2 d6 17. Rab1 g6 18. Rfe1 Rd8 19. Kg2 Rb6 20. Nd2 Bxd2 21. Qxd2 h4 22. Qe3 Rdb8 23. Qd2 g5 24. b3 Ne5 25. Be2 Rg8 26. b4 Nf3 27. Bxf3 h3+ 28. Kf1 Qxf3 29. Qe3 Qxe3 30. Rxe3 Rgb8 31. a3 g4 32. Rc1 Ra6 33. bxc5 dxc5 34. c4 Rb2 35. e5 Rab6 36. Re4 R6b3 37. Ra1 Rc3 38. Rxg4 Rf3 39. Rf4 Rbxf2+ 40. Kg1 Rxf4 41. gxf4 Rg2+ 42. Kh1 Rc2 43. Kg1 Rxc4 44. Rf1 Rc2 45. Rf3 c4 46. Rxh3 c3 47. Kf1 Kf8 48. Ke1 Rc1+ 49. Ke2 Kg7 50. Rd3 Rc2+ 51. Kd1 Rf2 52. Rxc3 Rxf4 53. Kc2 Kg6 54. Rc7 Ra4 55. h4 Rxa3 56. h5+ Kxh5 57. Rxf7 Kg5 58. Rf6 Ra6 59. Kd3 Rb6 60. Kc4 a5 61. Rf8 Ra6 62. Rg8+ Kh6 63. Rg3 a4 64. Ra3 Kg6 65. Kd4 Ra5 66. Rg3+ Kf7 67. Ra3 Ra8 68. Kc4 Ra5 69. Kd4 Ke7 70. Ke4 Kd7 71. Kd4 Kc6 72. Kc4 Rxe5 73. Rxa4 Re4+ 74. Kb3 Rxa4 75. Kxa4 Kd5 76. Kb4 Kd4 0-1

[Event "AUS-ch Seniors"]
[Site "Adelaide"]
[Date "2004.01.09"]
[Round "9.71"]
[White "Korbe, Heinrich"]
[Black "Viner, Phillip John"]
[Result "0-1"]
[WhiteElo "1403"]
[BlackElo "1931"]
[PlyCount "56"]
[EventDate "2003.12.29"]
[EventType "tourn"]
[EventRounds "10"]
[EventCountry "AUS"]
[SourceTitle "EXT 2005"]
[Source "ChessBase"]
[SourceDate "2004.11.15"]
[SourceVersion "1"]
[SourceVersionDate "2004.11.15"]
[SourceQuality "1"]

1. d4 c5 2. Nf3 cxd4 3. Nxd4 e5 4. Nb3 Nf6 5. Bg5 Nc6 6. e4 Be7 7. N1d2 d5 8. exd5 Nxd5 9. Bxe7 Qxe7 10. Be2 0-0 11. Bf3 Be6 12. 0-0 Rad8 13. Qc1 f5 14. g3 e4 15. Bg2 a5 16. Qe1 a4 17. Nc1 Ndb4 18. Qd1 Qd7 19. a3 Na6 20. Ne2 Qxd2 21. Qxd2 Rxd2 22. Nf4 Bc4 23. Rfc1 g5 24. Nh3 Nd4 25. Rd1 Ne2+ 26. Kh1 Rfd8 27. Rxd2 Rxd2 28. Nxg5 Nc5 0-1

[Event "AUS-ch Seniors"]
[Site "Adelaide"]
[Date "2004.01.06"]
[Round "7.72"]
[White "Viner, Phillip John"]
[Black "Pascoe, John L"]
[Result "1-0"]
[WhiteElo "1931"]
[BlackElo "1475"]
[PlyCount "27"]
[EventDate "2003.12.29"]
[EventType "tourn"]
[EventRounds "10"]
[EventCountry "AUS"]
[SourceTitle "EXT 2005"]
[Source "ChessBase"]
[SourceDate "2004.11.15"]
[SourceVersion "1"]
[SourceVersionDate "2004.11.15"]
[SourceQuality "1"]

1. Nf3 d5 2. c4 d4 3. e3 dxe3 4. fxe3 Nf6 5. Nc3 Bf5 6. Qb3 Qc8 7. Be2 e6 8. 0-0 Nbd7 9. d4 Nb6 10. Ne5 Bg6 11. e4 c5 12. d5 Qc7 13. Bf4 Bd6 14. Nb5 1-0

[Event "AUS-ch Seniors"]
[Site "Adelaide"]
[Date "2004.01.05"]
[Round "6.73"]
[White "Lilly, Richard"]
[Black "Viner, Phillip John"]
[Result "0-1"]
[WhiteElo "1835"]
[BlackElo "1931"]
[PlyCount "98"]
[EventDate "2003.12.29"]
[EventType "tourn"]
[EventRounds "10"]
[EventCountry "AUS"]
[SourceTitle "EXT 2005"]
[Source "ChessBase"]
[SourceDate "2004.11.15"]
[SourceVersion "1"]
[SourceVersionDate "2004.11.15"]
[SourceQuality "1"]

1. e4 e6 2. d4 d5 3. e5 c5 4. c3 Nc6 5. Nf3 Qb6 6. Be2 Nh6 7. 0-0 cxd4 8. b3 dxc3 9. Nxc3 Nf5 10. Na4 Qd8 11. Bb2 Bd7 12. Rc1 Rc8 13. Nc5 Rc7 14. Nxd7 Qxd7 15. Bd3 g6 16. h3 h5 17. Ng5 Bh6 18. f4 Ne3 19. Qd2 Nxf1 20. Kxf1 a6 21. Qc2 Qe7 22. h4 Kd8 23. Qd2 Kc8 24. a3 Kb8 25. b4 Rhc8 26. Rb1 b5 27. Qf2 Rb7 28. Kg1 Qc7 29. Bc1 Bf8 30. Kh2 Qd8 31. g3 Na7 32. a4 Rc4 33. Bxc4 bxc4 34. b5 Qd7 35. Nh7 Be7 36. b6 Nc6 37. Qa2 Nb4 38. Qd2 a5 39. Nf6 Qc6 40. Ba3 Rxb6 41. Qd4 Kb7 42. Bxb4 Rxb4 43. Rxb4+ axb4 44. a5 Bc5 45. Qa1 Ka6 46. g4 Be3 47. Kg3 c3 48. Qf1+ Qc4 49. Qf3 Qxf4+ 0-1

[Event "AUS-ch Seniors"]
[Site "Adelaide"]
[Date "2003.12.31"]
[Round "3.72"]
[White "Viner, Phillip John"]
[Black "Gibbs, Glen"]
[Result "1-0"]
[WhiteElo "1931"]
[BlackElo "1818"]
[PlyCount "49"]
[EventDate "2003.12.29"]
[EventType "tourn"]
[EventRounds "10"]
[EventCountry "AUS"]
[SourceTitle "EXT 2005"]
[Source "ChessBase"]
[SourceDate "2004.11.15"]
[SourceVersion "1"]
[SourceVersionDate "2004.11.15"]
[SourceQuality "1"]

1. c4 e6 2. Nc3 f5 3. g3 Nf6 4. Bg2 c6 5. Nf3 d5 6. d4 Bd6 7. Bf4 0-0 8. Qc2 Ne4 9. Bxd6 Qxd6 10. e3 Nd7 11. Rd1 b6 12. a3 Ba6 13. Bf1 Qe7 14. Ne5 Nxe5 15. dxe5 Rfd8 16. cxd5 Bxf1 17. d6 Qb7 18. Kxf1 Nxc3 19. Qxc3 c5 20. Ke2 Rac8 21. Qc4 Kf7 22. a4 a6 23. Rhg1 h5 24. Qh4 g6 25. Qf6+ 1-0

[Event "Doeberl Cup 41st"]
[Site "Canberra"]
[Date "2003.04.18"]
[Round "2"]
[White "Viner, Phillip John"]
[Black "Smerdon, David"]
[Result "0-1"]
[WhiteElo "2197"]
[BlackElo "2433"]
[PlyCount "66"]
[EventDate "2003.04.05"]
[EventType "swiss"]
[EventRounds "7"]
[EventCountry "AUS"]
[SourceTitle "CBM 093 Extra"]
[Source "ChessBase"]
[SourceDate "2003.05.09"]
[SourceVersion "1"]
[SourceVersionDate "2003.05.09"]
[SourceQuality "1"]

1. Nf3 Nf6 2. b3 g6 3. Bb2 Bg7 4. c4 c6 5. e3 0-0 6. Be2 d6 7. d4 Re8 8. 0-0 Qc7 9. Nc3 e5 10. Rc1 e4 11. Nd2 h5 12. b4 Bf5 13. Re1 Nbd7 14. Nf1 Nf8 15. Ng3 Bc8 16. Qc2 Qe7 17. f3 Bh6 18. f4 N8h7 19. b5 h4 20. Nh1 g5 21. g3 Ng4 22. Bf1 Nhf6 23. Nd1 Kh7 24. Ndf2 Rg8 25. Bg2 d5 26. cxd5 cxd5 27. Qc7 Bd7 28. Qc5 Qe6 29. Bh3 gxf4 30. exf4 hxg3 31. hxg3 Bxf4 32. Bxg4 Nxg4 33. gxf4 Ne3+ 0-1

[Event "Wch Seniors 13th"]
[Site "Bad Zwischenahn"]
[Date "2003.??.??"]
[Round "?"]
[White "Kuehn, Peter1111"]
[Black "Viner, Phillip John"]
[Result "1/2-1/2"]
[WhiteElo "1880"]
[BlackElo "2125"]
[PlyCount "89"]
[EventDate "2003.11.16"]
[EventType "swiss"]
[EventRounds "11"]
[EventCountry "GER"]
[SourceTitle "CBM 097 Extra"]
[Source "ChessBase"]
[SourceDate "2004.01.13"]
[SourceVersion "1"]
[SourceVersionDate "2004.01.13"]
[SourceQuality "1"]

1. e4 e6 2. d4 d5 3. Nd2 Be7 4. Ngf3 Nf6 5. Bd3 c5 6. e5 Nfd7 7. c3 Nc6 8. 0-0 Qb6 9. dxc5 Nxc5 10. Bc2 Qc7 11. Qe2 b6 12. b4 Nd7 13. Ba4 a6 14. Re1 Bb7 15. Bb2 b5 16. Bd1 Nb6 17. a4 Nc4 18. Nxc4 dxc4 19. axb5 axb5 20. Rxa8+ Bxa8 21. Bc2 h6 22. Bc1 Bb7 23. Bf4 g5 24. Bg3 h5 25. h4 gxh4 26. Nxh4 Qb6 27. Kh2 Bd8 28. f4 Bxh4 29. Bxh4 Ne7 30. Be4 Rg8 31. Rd1 Bxe4 32. Qxe4 Nd5 33. Rd2 Rg4 34. g3 Rg6 35. Qf3 Rg4 36. Bg5 Kd7 37. Qe4 Kc8 38. Rd4 Qa7 39. Rd2 Qa1 40. Qd4 Kb7 41. Qc5 Qxc3 42. Qxb5+ Kc7 43. Qc5+ Kb7 44. Qb5+ Kc7 45. Qc5+ 1/2-1/2

[Event "Wch Seniors 13th"]
[Site "Bad Zwischenahn"]
[Date "2003.??.??"]
[Round "?"]
[White "Viner, Phillip John"]
[Black "Fiedler, Eduard"]
[Result "1/2-1/2"]
[WhiteElo "2125"]
[BlackElo "1730"]
[PlyCount "71"]
[EventDate "2003.11.16"]
[EventType "swiss"]
[EventRounds "11"]
[EventCountry "GER"]
[SourceTitle "CBM 097 Extra"]
[Source "ChessBase"]
[SourceDate "2004.01.13"]
[SourceVersion "1"]
[SourceVersionDate "2004.01.13"]
[SourceQuality "1"]

1. d4 e5 2. dxe5 Nc6 3. Nf3 Qe7 4. e3 Nxe5 5. Be2 Nxf3+ 6. Bxf3 Nf6 7. 0-0 c6 8. Nc3 h5 9. e4 Qe5 10. Nd5 cxd5 11. exd5 Qc7 12. Re1+ Kd8 13. Bg5 Qd6 14. Qd2 b6 15. Bf4 Qb4 16. c3 Qc4 17. b3 Qc5 18. d6 Rb8 19. Rad1 Bb7 20. Re5 Qa3 21. Bxb7 Rxb7 22. c4 Rb8 23. Bg5 Rc8 24. Rd5 Rc5 25. Qd4 Kc8 26. Bxf6 gxf6 27. Qxf6 Rxd5 28. cxd5 Rh6 29. Qxf7 Qxd6 30. Qe8+ Kb7 31. Rc1 b5 32. Qc8+ Kb6 33. Qd8+ Kb7 34. Qc8+ Kb6 35. Qd8+ Kb7 36. Qc8+ 1/2-1/2